Mot de passe Foot ! #2 - Statistiques

Statistiques générales
  • Ce quiz a été pris 387 fois
  • Le résultat moyen est 8 sur 12
Statistiques - réponses
Indice Indice Indice Joueur % Correct
Al-Nassr 2016 Siuuuuuuu! Cristiano Ronaldo
99%
Main de Dieu 1986 Mort Diego Maradona
94%
2013 Bayern France Franck Ribéry
92%
Ballon d’or URSS Barthez Lev Yachine
70%
Italie OGC NICE Euro 2012 Mario Balotelli
70%
Guardiola Wolfsburg Pied droit magique Kevin De Bruyne
69%
Real Argentine 1957 Alfredo Di Stéfano
59%
Dudek Ac Milan Ukraine Andriy Chevchenko
58%
Manchester United Knysna France Patrice Évra
58%
Luis Suarez 2021 Juventus Giorgio Chiellini
54%
Schumacher France 1982 Patrick Battiston
38%
Pasadena Il Divin Codino Italie Roberto Baggio
21%
Aucun quiz correspondant
Distribution des résultats
% des personnes avec chaque résultat
Percentile par nombre de réponses
Votre historique - résultats
Vous n’avez pas pris ce quiz